Представление документа в формате RUSMARC

ПолеНазваниеЗначение
  Тип записи a
  Библиографический уровень a
001 Контрольный номер RU/CBS_UL/BASE/17301797f0af48fb979947ad27f856d3
005 Дата корректировки 20250417152157.2
100 Данные общей обработки __
a Данные общей обработки 20250417 ||| 0rusy0189 ca
101 Язык документа 0_
a Язык текста rus
102 Страна публикации __
a Страна публикации RU
200 Заглавие и сведения об ответственности 1_
a Заглавие Вожди против роботов
e Сведения, относящиеся к заглавию [история советской кибернетики]
f Первые сведения об ответственности В. Фомин
300 Общие примечания __
a Общие примечания 16+
461 Уровень набора _0
1 2000
a Тайны СССР
463 Уровень физической единицы _0
1 2000
a № 6
v С. 34-35 : фото
1 2101
d 2025
1 001RU/CBS_UL/BASE/2eb0307690924804bb3cb62116146972
600 Персоналии _1
a Персоналии (Фамилия) Китов
b Персоналии (Имя, инициалы) А. И.
606 Тематические рубрики 0_
a Основная рубрика Кибернетика - СССР
610 Ключевые слова 0_
a Ключевые слова кибернетика
610 Ключевые слова 0_
a Ключевые слова советская кибернетика
610 Ключевые слова 0_
a Ключевые слова кибернетика советская
610 Ключевые слова 0_
a Ключевые слова кибернетики
610 Ключевые слова 0_
a Ключевые слова разработчики ЭВМ
610 Ключевые слова 0_
a Ключевые слова ЭВМ
610 Ключевые слова 0_
a Ключевые слова советская вычислительная техника
686 Индексы других классификаций __
2 Код системы rubbk
a Классификационный индекс 32.81
700 Автор _1
a Фамилия Фомин
b Имя (инициалы) В.
801 Источник записи _0
a Страна RU
b Организация МБУК ЦБС г. Ульяновска
c Дата составления 20250417
g Правила каталогизации RCR
801 Источник записи _1
a Страна RU
b Организация МБУК ЦБС г. Ульяновска
c Дата составления 20250417
g Правила каталогизации RCR
901 Тип документа __
t Тип документа b
w Контрольный № источника RU/CBS_UL/BASE/2eb0307690924804bb3cb62116146972
909 Создатель записи __
a Создатель записи lib2